000
00263nam a22001097a 4500
999
_c
260796
_d
260795
020
_a
0590262769
100
_a
Margaret Wetterer
245
_a
Kate Shelley and the Midnight Express
260
_a
New York
_b
Scholastic Inc.
_c
1990
300
_a
48 pgs.
942
_c
BK